Celostátní konference racionalizace systému paletizace a kontejnerizace z hlediska manipulační jednotky
Salvato in:
| Natura: | Libro |
|---|---|
| Lingua: | ceco |
| Pubblicazione: |
Brno
Dům techniky ČSVTS
1976
|
| Tags: |
Nessun Tag, puoi essere il primo ad aggiungerne!!
|
MARC
| LEADER | 00000nam a2200000 4500 | ||
|---|---|---|---|
| 001 | c120311 | ||
| 005 | 20041019155216.6 | ||
| 041 | 0 | |a cze | |
| 044 | |a CZ | ||
| 245 | 1 | 0 | |a Celostátní konference racionalizace systému paletizace a kontejnerizace z hlediska manipulační jednotky |
| 264 | 1 | |a Brno |b Dům techniky ČSVTS |c 1976 | |
| 300 | |a 259 s. | ||